Inventing human rights : (Record no. 11035)
[ view plain ]
| 000 -LEADER | |
|---|---|
| fixed length control field | 01681cam a2200337 a 4500 |
| 001 - CONTROL NUMBER | |
| control field | 14516131 |
| 005 - DATE AND TIME OF LATEST TRANSACTION | |
| control field | 20070912165703.0 |
| 008 - FIXED-LENGTH DATA ELEMENTS--GENERAL INFORMATION | |
| fixed length control field | 060824s2007 nyua b 001 0 eng |
| 010 ## - LIBRARY OF CONGRESS CONTROL NUMBER | |
| LC control number | 2006027599 |
| 020 ## - INTERNATIONAL STANDARD BOOK NUMBER | |
| International Standard Book Number | 9780393060959 (hardcover) |
| 020 ## - INTERNATIONAL STANDARD BOOK NUMBER | |
| International Standard Book Number | 0393060950 (hardcover) |
| 020 ## - INTERNATIONAL STANDARD BOOK NUMBER | |
| International Standard Book Number | 9780393331998 |
| 035 ## - SYSTEM CONTROL NUMBER | |
| System control number | (OCoLC)ocm71243832 |
| 035 ## - SYSTEM CONTROL NUMBER | |
| System control number | (OCoLC)71243832 |
| 040 ## - CATALOGING SOURCE | |
| Original cataloging agency | DLC |
| Transcribing agency | DLC |
| Modifying agency | YDX |
| -- | BAKER |
| -- | YDXCP |
| -- | ZS3 |
| -- | NPL |
| -- | BTCTA |
| -- | VP@ |
| -- | DLC |
| 050 00 - LIBRARY OF CONGRESS CALL NUMBER | |
| Classification number | JC585 |
| Item number | .H89 2007 |
| 082 00 - DEWEY DECIMAL CLASSIFICATION NUMBER | |
| Classification number | 323.09 |
| Edition number | 22 |
| Item number | HUN |
| 100 1# - MAIN ENTRY--PERSONAL NAME | |
| Personal name | Hunt, Lynn Avery. |
| 245 10 - TITLE STATEMENT | |
| Title | Inventing human rights : |
| Remainder of title | A history / |
| Statement of responsibility, etc | Lynn Hunt. |
| 260 ## - PUBLICATION, DISTRIBUTION, ETC. (IMPRINT) | |
| Place of publication, distribution, etc | New York : |
| Name of publisher, distributor, etc | W.W. Norton & Co., |
| Date of publication, distribution, etc | c2007. |
| 300 ## - PHYSICAL DESCRIPTION | |
| Extent | 272 p. : |
| Other physical details | ill. ; |
| Dimensions | 22 cm. |
| 504 ## - BIBLIOGRAPHY, ETC. NOTE | |
| Bibliography, etc | Includes bibliographical references and index. |
| 505 0# - FORMATTED CONTENTS NOTE | |
| Formatted contents note | "Torrents of emotion" : reading novels and imagining equality -- "Bone of their bone" : abolishing torture -- "They have set a great example" : declaring rights -- "There will be no end of it" : the consequences of declaring -- "The soft power of humanity" : why human rights failed, only to succeed in the long run. |
| 650 #0 - SUBJECT ADDED ENTRY--TOPICAL TERM | |
| Topical term or geographic name as entry element | Human rights |
| General subdivision | History. |
| 650 #0 - SUBJECT ADDED ENTRY--TOPICAL TERM | |
| Topical term or geographic name as entry element | Human rights in literature. |
| 650 #0 - SUBJECT ADDED ENTRY--TOPICAL TERM | |
| Topical term or geographic name as entry element | Torture |
| General subdivision | History. |
| 856 41 - ELECTRONIC LOCATION AND ACCESS | |
| Materials specified | Table of contents only |
| Uniform Resource Identifier | <a href="http://www.loc.gov/catdir/toc/ecip0620/2006027599.html">http://www.loc.gov/catdir/toc/ecip0620/2006027599.html</a> |
| 942 ## - ADDED ENTRY ELEMENTS (KOHA) | |
| Source of classification or shelving scheme | Dewey Decimal Classification |
| Item type | Book - Borrowing |
| Withdrawn status | Item status | Source of classification or shelving scheme | Damaged status | Not for loan | Vendor | Home library | Current library | Shelving location | Date acquired | Source of acquisition | Cost, normal purchase price | Serial Enumeration / chronology | Total Checkouts | Total Renewals | Full call number | Barcode | Date last seen | Date last borrowed | Koha item type |
|---|---|---|---|---|---|---|---|---|---|---|---|---|---|---|---|---|---|---|---|
| Dewey Decimal Classification | Baccah | Central Library | Central Library | First floor | 08/03/2009 | 160.00 | 7371 | 10 | 23 | 323.09 HUN | 000015382 | 15/07/2025 | 31/01/2017 | Book - Borrowing |